000 00785nam a2200241 4500
001 131744
003 ES-MaACL
005 20250718062542.0
007 t|
008 070214s1977 sp r ||||1| spa d
020 _a84-265-5313-3
080 _a17 Kant, Immanuel
100 1 _aRodríguez Luño, Ángel.
_998627
245 1 0 _aImmanuel Kant :
_bFundamentación de la metafísica de las costumbres /
_cÁngel Rodríguez Luño.
260 _aMadrid :
_bMagisterio Español,
_c1977.
300 _a188 p. ;
_c19 cm.
490 1 _aCrítica filosófica ;
_v18
600 1 4 _aKant, Immanuel,
_d1724-1804-
_xCrítica e interpretación
_967497
650 7 _aÉtica
_2embne
_912577
830 1 _aCrítica filosófica ;
_v18
_9181774
852 _aES-MaACL
_jA-7854
999 _c131744
_d131744